[Event "21ème open inter de La Réunion"]
[Site "Salle des fêtes de Bellepierre"]
[Date "2019.10.20"]
[Round "8.19"]
[White "Eric Andriana, Fitia"]
[Black "Cavillot-Delestage, Raphael"]
[Result "1-0"]
[WhiteElo "1325"]
[BlackElo "1056"]
[PlyCount "85"]
[EventDate "2019.??.??"]

1. e4 e5 2. Nf3 Nc6 3. Bc4 Bc5 4. c3 Nf6 5. d3 d6 6. O-O Bg4 7. Nbd2 Ne7 8. Re1
Ng6 9. h3 Be6 10. Bb3 Nf4 11. Bxe6 fxe6 12. Nf1 O-O 13. d4 exd4 14. cxd4 Bb4
15. Bxf4 Bxe1 16. Qxe1 d5 17. e5 Ne4 18. Qe3 Rf7 19. Ng3 Qf8 20. Nxe4 Rxf4 21.
Neg5 Re8 22. g3 Rf5 23. Nh4 h6 24. Nxf5 hxg5 25. Qxg5 exf5 26. Rc1 c6 27. Rc3
Qf7 28. Rf3 g6 29. g4 Rf8 30. gxf5 Qg7 31. f6 Qh7 32. Rg3 Kf7 33. Qg4 Rd8 34.
Rf3 Kg8 35. e6 Rf8 36. f7+ Kg7 37. e7 Rxf7 38. e8=Q Rxf3 39. Qxf3 Kh6 40. Qef8+
Qg7 41. Q3f4+ g5 42. Q4f6+ Kh5 43. Q6xg7 1-0

[Event "21ème open inter de La Réunion"]
[Site "Salle des fêtes de Bellepierre"]
[Date "2019.10.20"]
[Round "8.22"]
[White "Alex-Geerjanan, Nils"]
[Black "Gallais, Flavien"]
[Result "0-1"]
[WhiteElo "1009"]
[BlackElo "1236"]
[PlyCount "110"]
[EventDate "2019.??.??"]

1. e4 e5 2. Nf3 Nc6 3. Bc4 Bc5 4. c3 d6 5. d4 Bb6 6. O-O Bg4 7. h3 Bxf3 8. Qxf3
Qf6 9. Nd2 exd4 10. cxd4 Nxd4 11. Qxf6 Nxf6 12. b3 Nc2 13. Rb1 O-O 14. Bb2 Bd4
15. Nf3 Bxb2 16. Rxb2 Nb4 17. Ng5 h6 18. Nf3 Rfe8 19. Re1 d5 20. exd5 Rxe1+ 21.
Nxe1 Nfxd5 22. a3 b5 23. Bxb5 Nc3 24. Bc4 Nc6 25. Nd3 a5 26. Nc5 Nd4 27. Kf1
Ndb5 28. a4 Rd8 29. g3 Na3 30. Nd3 Nxc4 31. bxc4 Rxd3 32. Rb8+ Kh7 33. Rb7 c5
34. Rxf7 Nxa4 35. Ra7 Rd4 36. Rxa5 Rxc4 37. Ke2 Nb6 38. Kd3 Rd4+ 39. Kc3 Nd5+
40. Kb3 c4+ 41. Kc2 c3 42. Ra3 Rd2+ 43. Kb3 Rb2+ 44. Kc4 c2 45. Ra1 Rb1 46.
Rxb1 cxb1=Q 47. Kxd5 Qa2+ 48. Kd4 Qxf2+ 49. Ke5 Qxg3+ 50. Ke6 Qxh3+ 51. Kd5 Kg6
52. Kd6 Qf5 53. Ke7 Qe5+ 54. Kf8 h5 55. Kg8 Qe8# 0-1

[Event "21ème open inter de La Réunion"]
[Site "Salle des fêtes de Bellepierre"]
[Date "2019.10.20"]
[Round "8.23"]
[White "Sandjivy, Yann"]
[Black "Vaast, Jean"]
[Result "1-0"]
[WhiteElo "1120"]
[BlackElo "1355"]
[PlyCount "42"]
[EventDate "2019.??.??"]

1. e4 e6 2. Nf3 c6 3. Bc4 d5 4. Bb3 dxe4 5. Ne5 Nd7 6. Nxd7 Qxd7 7. Qe2 Nf6 8.
Nc3 Bc5 9. Nxe4 Nxe4 10. Qxe4 Qd4 11. Qxd4 Bxd4 12. O-O O-O 13. c3 Bf6 14. d4
b5 15. Bc2 Bb7 16. a4 Rfd8 17. Be3 a6 18. axb5 axb5 19. Rxa8 Rxa8 20. f3 Ra2
21. Bb3 Rxb2 {Pas possible de poursuivre} 1-0

[Event "21ème open inter de La Réunion"]
[Site "Salle des fêtes de Bellepierre"]
[Date "2019.10.20"]
[Round "8.26"]
[White "Naquin, Miguel"]
[Black "Erudel, Irina"]
[Result "0-1"]
[WhiteElo "1009"]
[BlackElo "1009"]
[PlyCount "70"]
[EventDate "2019.??.??"]

1. e4 e5 2. Nf3 Nc6 3. Bc4 Bc5 4. d3 Nf6 5. Bg5 O-O 6. O-O d6 7. Nc3 h6 8. Bxf6
Qxf6 9. Nd5 Qd8 10. c3 a6 11. b4 Ba7 12. b5 axb5 13. Bxb5 Bd7 14. a4 Re8 15.
Bc4 Be6 16. d4 Na5 17. Bb5 c6 18. c4 Rc8 19. dxe5 b6 20. Ba6 Rb8 21. exd6 Qxd6
22. Nh4 Rbd8 23. Qd4 Bb8 24. e5 Qd7 25. Rab1 c5 26. Qc3 f5 27. Bb5 Qf7 28. Bxe8
Rxe8 29. Nxb6 Nc6 30. Rfd1 Bxe5 31. Qb3 Na5 32. Qb5 Nxc4 33. Nxc4 Bxc4 34. Qxc5
Bf4 35. Re1 Be2 0-1

[Event "21ème open inter de La Réunion"]
[Site "Salle des fêtes de Bellepierre"]
[Date "2019.10.20"]
[Round "8.3"]
[White "Triton, Maxime"]
[Black "Gimenez Martinez, Alberto"]
[Result "0-1"]
[WhiteElo "1835"]
[BlackElo "2225"]
[PlyCount "102"]
[EventDate "2019.??.??"]

1. e4 e5 2. Nf3 Nc6 3. d4 exd4 4. Nxd4 Nf6 5. Nxc6 bxc6 6. e5 Qe7 7. Qe2 Nd5 8.
c4 Nb6 9. Nc3 a5 10. Qe4 g6 11. Bd3 Bg7 12. f4 O-O 13. O-O f5 14. exf6 Qxf6 15.
Kh1 d5 16. cxd5 Bf5 17. Qf3 Bxd3 18. Qxd3 cxd5 19. Be3 d4 20. Ne4 Qf5 21. Bg1
Rfe8 22. Rae1 Re7 23. Qb3+ Qd5 24. Nc5 Qxb3 25. Nxb3 Rd7 26. Rd1 Rd5 27. Rc1 a4
28. Nc5 d3 29. Ne6 Rd6 30. Nxc7 Rad8 31. Nb5 Re6 32. Nc7 Red6 33. Nb5 d2 34.
Rcd1 Rc6 35. b3 axb3 36. axb3 Bb2 37. g3 Rd3 38. Na7 Re6 39. Bf2 Nd5 40. Nb5
Bc1 41. Kg2 Re2 42. Kg1 Kg7 43. Kh1 Ne3 44. Bxe3 Rdxe3 45. Nd4 Re1 46. Nc2
Rxf1+ 47. Rxf1 Rxb3 48. Kg1 Rc3 49. Nb4 Ba3 50. Na2 Rc2 51. Ra1 Rxa2 0-1

[Event "21ème open inter de La Réunion"]
[Site "Salle des fêtes de Bellepierre"]
[Date "2019.10.20"]
[Round "8.8"]
[White "Fondrat, Johan"]
[Black "Dijoux, Julien"]
[Result "0-1"]
[WhiteElo "1541"]
[BlackElo "1891"]
[PlyCount "54"]
[EventDate "2019.??.??"]

1. e4 c5 2. c3 d5 3. exd5 Qxd5 4. d4 Nc6 5. Nf3 Nf6 6. Be3 cxd4 7. Nxd4 Ng4 8.
Nc2 Qxd1+ 9. Kxd1 Bf5 10. Nba3 O-O-O+ 11. Ke1 e5 12. b4 Nxe3 13. Nxe3 Bd3 14.
Rd1 Nxb4 15. Nac4 Bxf1 16. Rxd8+ Kxd8 17. Rxf1 Nc6 18. f4 e4 19. Nd2 Bc5 20.
Nf5 g6 21. Nh6 Kc7 22. Nxf7 Re8 23. Ng5 e3 24. Nb3 Bf8 25. Nxh7 Bg7 26. c4 e2
27. Rf3 Nb4 0-1

[Event "21ème open inter de La Réunion"]
[Site "Salle des fêtes de Bellepierre"]
[Date "2019.10.20"]
[Round "8.11"]
[White "De Peindray D'Ambell, Philippe"]
[Black "Folio, Raphael"]
[Result "1-0"]
[WhiteElo "1724"]
[BlackElo "1440"]
[PlyCount "75"]
[EventDate "2019.??.??"]

1. e4 e5 2. Nf3 Nc6 3. d4 exd4 4. Bc4 Bc5 5. c3 dxc3 6. Bxf7+ Kxf7 7. Qd5+ Ke8
8. Qxc5 Nf6 9. Nxc3 d6 10. Qb5 a6 11. Qb3 Na5 12. Qa4+ Nc6 13. O-O Bd7 14. Qb3
Qc8 15. e5 Na5 16. Qa3 Nc4 17. Qb4 Nxe5 18. Nxe5 dxe5 19. Re1 Kf7 20. Rxe5 Re8
21. Bf4 Be6 22. Rae1 b5 23. h3 Qd7 24. Qc5 Re7 25. Bg5 c6 26. R5e3 h6 27. Bxf6
gxf6 28. Qh5+ Kg7 29. Rg3+ Kh8 30. Qxh6+ Rh7 31. Qxf6+ Rg7 32. Rxe6 c5 33. Nd5
Ra7 34. Qf8+ Kh7 35. Rh6+ Kxh6 36. Qh8+ Rh7 37. Qf6+ Kh5 38. Qg5# 1-0

[Event "21ème open inter de La Réunion"]
[Site "Salle des fêtes de Bellepierre"]
[Date "2019.10.20"]
[Round "8.12"]
[White "Desire, Michael"]
[Black "Dace, Jean Emeric"]
[Result "1/2-1/2"]
[WhiteElo "1652"]
[BlackElo "1654"]
[PlyCount "92"]
[EventDate "2019.??.??"]

1. d4 d5 2. c4 e6 3. Nc3 c6 4. e4 dxc4 5. Bxc4 b5 6. Bb3 Nf6 7. Bc2 Be7 8. Nf3
Bb7 9. e5 Nfd7 10. Be3 Na6 11. O-O Nb4 12. Bb1 g5 13. Nd2 h5 14. f4 gxf4 15.
Bxf4 Qb6 16. Nde4 c5 17. Be3 Nd5 18. Nxd5 Bxd5 19. Nc3 cxd4 20. Nxd5 exd5 21.
e6 fxe6 22. Bg6+ Kd8 23. Bf2 Nf6 24. Rc1 Rc8 25. Qe2 Ng4 26. Bd3 Bg5 27. Rxc8+
Kxc8 28. Bg3 Ne3 29. Rf7 a6 30. Rc7+ Qxc7 31. Bxc7 Kxc7 32. a4 bxa4 33. Bxa6
Rf8 34. Qe1 h4 35. Qa5+ Kd7 36. Qxa4+ Ke7 37. Qb4+ Kf7 38. Bd3 e5 39. Be2 Be7
40. Qb6 Kg7 41. Qe6 Bf6 42. b4 e4 43. b5 d3 44. Bxd3 Bd4 45. Qe7+ Rf7 46. Qg5+
Kf8 1/2-1/2

[Event "21ème open inter de La Réunion"]
[Site "Salle des fêtes de Bellepierre"]
[Date "2019.10.20"]
[Round "8.13"]
[White "Frelicot, Eric"]
[Black "Grondin, Marine"]
[Result "1-0"]
[WhiteElo "1609"]
[BlackElo "1478"]
[PlyCount "107"]
[EventDate "2019.??.??"]

1. c4 e6 2. Nf3 Nf6 3. a3 d5 4. cxd5 exd5 5. d4 Bd6 6. Bg5 Be6 7. e3 Nbd7 8.
Nc3 c6 9. Bd3 O-O 10. O-O h6 11. Bh4 Bg4 12. h3 Bh5 13. Be2 Bg6 14. Bd3 Bxd3
15. Qxd3 a6 16. Rac1 Nb6 17. e4 dxe4 18. Nxe4 Be7 19. Nc5 Bxc5 20. Rxc5 Qd6 21.
Bg3 Qd8 22. Bh4 Qd6 23. Rf5 Nfd5 24. Bg3 Qd8 25. Bh4 Qd6 26. Ne5 Ne7 27. Bxe7
Qxe7 28. Ng4 Rad8 29. Qb3 Nd5 30. Re5 Qc7 31. Rfe1 Rd7 32. Qg3 Rd6 33. f4 Qb6
34. Qf2 Nc7 35. R1e4 Ne6 36. f5 Nxd4 37. Kh2 Qd8 38. f6 Nb5 39. fxg7 Kxg7 40.
Qg3 Rg6 41. h4 Nc7 42. Re7 Ne6 43. Qe5+ Kh7 44. Nf6+ Rxf6 45. Qxf6 Qd6+ 46. Re5
b5 47. Qxe6 Qxe6 48. R5xe6 Kg8 49. Rxc6 Ra8 50. Rxh6 Kg7 51. Rb6 Kf8 52. Rbb7
Kg8 53. Rxf7 Kh8 54. g4 1-0

[Event "21ème open inter de La Réunion"]
[Site "Salle des fêtes de Bellepierre"]
[Date "2019.10.20"]
[Round "8.14"]
[White "Padre, Maxime"]
[Black "Weber, Richard"]
[Result "1-0"]
[WhiteElo "1512"]
[BlackElo "1486"]
[PlyCount "133"]
[EventDate "2019.??.??"]

1. b3 Nf6 2. Bb2 d6 3. e3 g6 4. f4 Nc6 5. Nf3 Bg7 6. Be2 a6 7. O-O Rg8 8. c4
Nh5 9. Bxg7 Nxg7 10. Nc3 e6 11. Rc1 Nf5 12. Qe1 h5 13. Ng5 f6 14. Nh3 Qe7 15.
e4 Nfd4 16. Qh4 Nxe2+ 17. Nxe2 Bd7 18. d4 O-O-O 19. Nf2 f5 20. Qxe7 Nxe7 21. e5
dxe5 22. dxe5 h4 23. Nh3 Nc6 24. Rfd1 b6 25. Ng5 Rg7 26. Rd2 Re7 27. Rcd1 Be8
28. Rxd8+ Nxd8 29. Kf2 Nf7 30. Rd3 Nxg5 31. fxg5 c5 32. Nf4 Bf7 33. Ke3 Rd7 34.
Rxd7 Kxd7 35. Kd3 Kc6 36. Ne2 Kb7 37. Kc3 Kc6 38. Ng1 b5 39. Nf3 a5 40. Nxh4
b4+ 41. Kd3 Kd7 42. Nf3 Kc6 43. Ng1 Be8 44. Ne2 Bf7 45. Nf4 Kd7 46. h4 Ke7 47.
Ke3 Be8 48. g3 Kd7 49. h5 gxh5 50. g6 Ke7 51. g7 Bf7 52. Nxh5 Bg8 53. Nf6 Kf7
54. Kf4 Kxg7 55. Nd7 Bf7 56. Nxc5 Bh5 57. Nxe6+ Kf7 58. Nd4 Bd1 59. Kxf5 a4 60.
e6+ Ke8 61. g4 axb3 62. axb3 Ke7 63. g5 Kf8 64. Kf6 Bh5 65. e7+ Ke8 66. Nf5 Bf7
67. Ng7+ 1-0

[Event "21ème open inter de La Réunion"]
[Site "Salle des fêtes de Bellepierre"]
[Date "2019.10.20"]
[Round "8.15"]
[White "Torregrosa, Antoine"]
[Black "Eboue, Yuri"]
[Result "1-0"]
[WhiteElo "1501"]
[BlackElo "1310"]
[PlyCount "49"]
[EventDate "2019.??.??"]

1. Nf3 d5 2. b4 c6 3. e3 Bf5 4. Bb2 Nd7 5. d4 e6 6. a3 Ngf6 7. Be2 Bd6 8. O-O
Qc7 9. Nbd2 Ng4 10. h3 Nh2 11. Nxh2 Bxh2+ 12. Kh1 Bg6 13. f4 Bg3 14. c4 dxc4
15. Nxc4 Be4 16. Rc1 Rg8 17. Bf3 Nf6 18. Bxe4 Nxe4 19. Qf3 f5 20. Ne5 Bh4 21.
Qh5+ g6 22. Qxh4 Qg7 23. Nd3 Qf7 24. Nc5 Nd6 25. g4 1-0

[Event "21ème open inter de La Réunion"]
[Site "Salle des fêtes de Bellepierre"]
[Date "2019.10.20"]
[Round "8.17"]
[White "Aujoulat, Fabrice"]
[Black "Leliboux, Thais"]
[Result "0-1"]
[WhiteElo "1400"]
[BlackElo "1181"]
[PlyCount "104"]
[EventDate "2019.??.??"]

1. d4 d5 2. e3 Nf6 3. Bd3 Nc6 4. Nd2 e5 5. f3 Bd7 6. c3 Bd6 7. e4 exd4 8. cxd4
Nxd4 9. Ne2 Nxe2 10. Qxe2 O-O 11. O-O dxe4 12. Nxe4 Nxe4 13. Bxe4 Re8 14. Qc2
h6 15. Bf5 Bb5 16. Bd3 Qh4 17. g3 Qd4+ 18. Rf2 Qxd3 19. Qxd3 Bxd3 20. Kg2 Re2
21. Rxe2 Bxe2 22. Bd2 a5 23. Re1 Bb5 24. b3 Bb4 25. Bxb4 axb4 26. Ra1 c5 27. g4
c4 28. bxc4 Bxc4 29. Rc1 Rxa2+ 30. Kg3 Bb5 31. Rc5 Bc6 32. h4 b3 33. Rc1 Re2
34. h5 b2 35. Rb1 Bb5 36. Rd1 Ba4 37. Rb1 Bb3 38. f4 Ba2 39. Rxb2 Rxb2 40. g5
Be6 41. g6 fxg6 42. hxg6 b5 43. Kf3 Rc2 44. Ke4 b4 45. Ke5 Rc6 46. f5 Bxf5 47.
Kxf5 b3 48. Ke5 b2 49. Kd5 Rc1 50. Ke6 b1=Q 51. Ke7 Qb6 52. Kd7 Rc7+ 0-1

[Event "21ème open inter de La Réunion"]
[Site "Salle des fêtes de Bellepierre"]
[Date "2019.10.20"]
[Round "8.18"]
[White "Mohamed, Keziah"]
[Black "Ova, Roberto"]
[Result "0-1"]
[WhiteElo "1033"]
[BlackElo "1328"]
[PlyCount "74"]
[EventDate "2019.??.??"]

1. d4 Nf6 2. e3 d5 3. Bd3 b6 4. Nd2 Bb7 5. Qf3 Nbd7 6. Qf4 c5 7. c3 Qb8 8. Bb5
Qxf4 9. Bxd7+ Nxd7 10. exf4 cxd4 11. cxd4 e6 12. a3 Bd6 13. Ndf3 f6 14. Ne2 Ba6
15. Nc3 O-O 16. Be3 Rfe8 17. b4 Rac8 18. Kd2 Bc4 19. Rhb1 b5 20. a4 Rc7 21.
axb5 e5 22. g3 e4 23. Ne1 f5 24. Nc2 Nb6 25. Ne1 Rec8 26. Ra3 h5 27. Nc2 Kf7
28. Rba1 Ra8 29. R1a2 Ke6 30. Kd1 g6 31. h4 Rb7 32. Ne1 Nd7 33. Ra5 Rc8 34. Kd2
Nb6 35. Kc2 Rcb8 36. Kb2 Rc7 37. R2a3 Bd3 0-1

[Event "21ème open inter de La Réunion"]
[Site "Salle des fêtes de Bellepierre"]
[Date "2019.10.20"]
[Round "8.20"]
[White "Folio, Thomas"]
[Black "Bosi-Lagarde, Arthur"]
[Result "1-0"]
[WhiteElo "1199"]
[BlackElo "1100"]
[PlyCount "29"]
[EventDate "2019.??.??"]

1. e4 e6 2. d4 b6 3. Bd3 Bb7 4. c3 f5 5. Nd2 Nf6 6. Qe2 Be7 7. Ngf3 O-O 8. O-O
fxe4 9. Nxe4 Nd5 10. g3 Nf6 11. Bf4 d5 12. Neg5 Qd7 13. Qxe6+ Qxe6 14. Nxe6 Rf7
15. Nxc7 1-0

[Event "21ème open inter de La Réunion"]
[Site "Salle des fêtes de Bellepierre"]
[Date "2019.10.20"]
[Round "8.24"]
[White "Parame, Bruno"]
[Black "Erudel, Maeva"]
[Result "0-1"]
[WhiteElo "1199"]
[BlackElo "1009"]
[PlyCount "80"]
[EventDate "2019.??.??"]

1. c4 e6 2. d4 d5 3. c5 c6 4. Nf3 Nd7 5. Bg5 Ngf6 6. e3 Be7 7. Be2 h6 8. Bf4 b6
9. b4 Bb7 10. Nc3 a5 11. b5 bxc5 12. bxc6 Bxc6 13. Rb1 O-O 14. O-O Re8 15. Ne5
Nxe5 16. Bxe5 Ne4 17. Qd3 f6 18. Bf4 Bd6 19. Bxd6 Qxd6 20. f3 Nxc3 21. Qxc3
cxd4 22. exd4 e5 23. Rb6 Rac8 24. Bb5 Bxb5 25. Rxd6 Rxc3 26. Rb1 Bd3 27. Rd1 e4
28. Rxd5 e3 29. h3 Rec8 30. Kh2 e2 31. Re1 Rc1 32. Rxe2 Bxe2 33. Rxa5 Rd8 34.
d5 Bc4 35. d6 Rxd6 36. Ra8+ Kf7 37. f4 Rd2 38. f5 Bd5 39. Ra7+ Kg8 40. a4 Rxg2#
0-1

[Event "21ème open inter de La Réunion"]
[Site "Salle des fêtes de Bellepierre"]
[Date "2019.10.20"]
[Round "8.25"]
[White "Khantalina, Ilariya"]
[Black "Fondrat, Thierry"]
[Result "0-1"]
[WhiteElo "1009"]
[BlackElo "1358"]
[PlyCount "70"]
[EventDate "2019.??.??"]

1. e4 e5 2. Nf3 Nc6 3. d4 exd4 4. Nxd4 d6 5. Nxc6 bxc6 6. Nc3 Nf6 7. e5 dxe5 8.
Qxd8+ Kxd8 9. Bc4 Ke8 10. O-O Bf5 11. Bb3 h6 12. Ba4 Bd7 13. Re1 Bd6 14. Bb3
Be6 15. Bxe6 fxe6 16. Ne4 Nxe4 17. Rxe4 g5 18. Bd2 Rf8 19. Bb4 Rf4 20. Rxf4
exf4 21. Bxd6 cxd6 22. g3 Ke7 23. gxf4 gxf4 24. Kg2 e5 25. Kh3 Rg8 26. Kh4 Rg2
27. Rh1 Rxf2 28. Kh5 e4 29. Kxh6 e3 30. h4 e2 31. h5 Rf1 32. Rxf1 exf1=Q 33.
Kg6 Qg2+ 34. Kh6 Kf7 35. Kh7 Qg7# 0-1

[Event "21ème open inter de La Réunion"]
[Site "Salle des fêtes de Bellepierre"]
[Date "2019.10.20"]
[Round "9.1"]
[White "Gimenez Martinez, Alberto"]
[Black "Hercules, Benjamin Vincent"]
[Result "0-1"]
[WhiteElo "2225"]
[BlackElo "2182"]
[PlyCount "108"]
[EventDate "2019.??.??"]

1. e4 c5 2. Nf3 Nc6 3. d4 cxd4 4. Nxd4 Nf6 5. Nc3 d6 6. Bg5 e6 7. Qd2 a6 8.
O-O-O h6 9. Be3 Be7 10. f4 Nxd4 11. Bxd4 b5 12. Bd3 b4 13. Na4 Rb8 14. Qf2 Qa5
15. b3 Bd8 16. Kb1 Bd7 17. Nb2 Bb5 18. Rhe1 O-O 19. Bc4 d5 20. exd5 exd5 21.
Bd3 Bb6 22. Bf5 Bxd4 23. Qxd4 Rfe8 24. g4 Be2 25. Rd2 Bxg4 26. Rxe8+ Rxe8 27.
Bxg4 Nxg4 28. Rg2 Re1+ 29. Nd1 Rxd1+ 30. Qxd1 Ne3 31. Rxg7+ Kxg7 32. Qd4+ Kg6
33. Qxe3 Qb5 34. f5+ Kxf5 35. Qxh6 Qf1+ 36. Kb2 Qf4 37. Qh3+ Ke5 38. a3 bxa3+
39. Kxa3 Qc1+ 40. Kb4 Qxc2 41. Qh8+ f6 42. h4 d4 43. Qe8+ Kf4 44. Qe6 Qc3+ 45.
Ka4 d3 46. Qd6+ Kg4 47. Qe6+ Kf3 48. Qh3+ Ke2 49. Qg2+ Kd1 50. h5 d2 51. h6 Kc2
52. Qe4+ Kb2 53. Qd5 d1=Q 54. Qxd1 Qc6+ 0-1

[Event "21ème open inter de La Réunion"]
[Site "Salle des fêtes de Bellepierre"]
[Date "2019.10.20"]
[Round "9.2"]
[White "Ramasindraibe, Girard"]
[Black "Rodier, David"]
[Result "1-0"]
[WhiteElo "2150"]
[BlackElo "2161"]
[PlyCount "89"]
[EventDate "2019.??.??"]

1. d4 d5 2. Nf3 Nf6 3. g3 c6 4. Bg2 Bg4 5. c4 e6 6. O-O Nbd7 7. Nc3 Be7 8. b3
O-O 9. Bb2 Qa5 10. Qd2 Bxf3 11. Bxf3 dxc4 12. bxc4 Nb6 13. c5 Nc4 14. Qc2 Nxb2
15. Qxb2 Rab8 16. Rfd1 Rfd8 17. Rab1 g6 18. Qa1 Bf8 19. Rb3 Bg7 20. e3 e5 21.
Ne2 exd4 22. exd4 Nd5 23. Qb2 b5 24. cxb6 axb6 25. Rc1 Rdc8 26. Kg2 Ra8 27. a3
Bf8 28. Qc2 Bh6 29. Rd1 Bg7 30. h4 h5 31. Qd3 Rd8 32. Rc1 c5 33. Qc4 Ne7 34.
dxc5 Rac8 35. Rxb6 Qxa3 36. Rb7 Re8 37. Nf4 Kf8 38. Nd5 Nxd5 39. Bxd5 Re7 40.
Rxe7 Kxe7 41. Bxf7 Qa8+ 42. Bd5 Qb8 43. Re1+ Kf8 44. Qe4 Qc7 45. Qf3+ 1-0

[Event "21ème open inter de La Réunion"]
[Site "Salle des fêtes de Bellepierre"]
[Date "2019.10.20"]
[Round "9.3"]
[White "Dijoux, Julien"]
[Black "Rebut, Paul"]
[Result "1/2-1/2"]
[WhiteElo "1891"]
[BlackElo "1863"]
[PlyCount "106"]
[EventDate "2019.??.??"]

1. e4 c5 2. Nf3 d6 3. d4 cxd4 4. Nxd4 Nf6 5. Nc3 a6 6. Bc4 e6 7. Bb3 b5 8. a3
Be7 9. Be3 O-O 10. f3 Bd7 11. O-O Nc6 12. Nxc6 Bxc6 13. Qe1 Nd7 14. Rd1 Ne5 15.
Qg3 Qb8 16. Bd4 Bf6 17. Ne2 Kh8 18. Kh1 Qc7 19. Nf4 g6 20. Nd3 Rad8 21. Rd2 Bg7
22. Rfd1 Rd7 23. h4 Nxd3 24. Bxg7+ Kxg7 25. Rxd3 Rfd8 26. c3 Bb7 27. e5 d5 28.
Qf4 Qc5 29. h5 Qe7 30. h6+ Kg8 31. Rd4 Kh8 32. Kg1 Rg8 33. Qh4 Qxh4 34. Rxh4 g5
35. Rh5 g4 36. f4 Rdd8 37. g3 a5 38. Bc2 Ba6 39. Rd4 Rc8 40. Bd3 Rc6 41. Rg5 b4
42. Rxg8+ Kxg8 43. Bxa6 bxc3 44. bxc3 Rxa6 45. c4 Kf8 46. cxd5 exd5 47. Rxd5
Ke7 48. Kg2 Ke6 49. Rb5 Kf5 50. Rb7 Ke6 51. Rb5 Ra7 52. Kf2 Kf5 53. Ke3 Ra6
1/2-1/2

[Event "21ème open inter de La Réunion"]
[Site "Salle des fêtes de Bellepierre"]
[Date "2019.10.20"]
[Round "9.4"]
[White "Testud, Philippe"]
[Black "Hamon, Christian"]
[Result "1/2-1/2"]
[WhiteElo "2140"]
[BlackElo "2001"]
[PlyCount "55"]
[EventDate "2019.??.??"]

1. d4 Nf6 2. Bf4 g6 3. Nc3 d5 4. e3 Bg7 5. h4 h5 6. Nf3 c6 7. Ne5 Qa5 8. Qd2
Be6 9. b4 Qd8 10. f3 Nbd7 11. Nd3 b5 12. a4 bxa4 13. Nc5 Nxc5 14. bxc5 O-O 15.
Ba6 Bc8 16. Be2 Nd7 17. g4 hxg4 18. fxg4 e5 19. Bg3 exd4 20. exd4 Qf6 21. Rxa4
Re8 22. Nd1 Qf3 23. Rg1 Nxc5 24. dxc5 Bxg4 25. Rxg4 Qxg4 26. Bf2 Qe4 27. Kf1
Rab8 28. h5 1/2-1/2

[Event "21ème open inter de La Réunion"]
[Site "Salle des fêtes de Bellepierre"]
[Date "2019.10.20"]
[Round "9.5"]
[White "Mezouaghi, Miloud"]
[Black "Randriambololona, Herimanjatosoa"]
[Result "1-0"]
[WhiteElo "2001"]
[BlackElo "1886"]
[PlyCount "149"]
[EventDate "2019.??.??"]

1. Nf3 d5 2. g3 g6 3. Bg2 Bg7 4. O-O e5 5. d3 Ne7 6. c4 O-O 7. cxd5 Nxd5 8. Qb3
Nb6 9. Bg5 Qe8 10. Nc3 Be6 11. Qa3 f6 12. Be3 Rf7 13. b3 N8d7 14. Rac1 c6 15.
Ne4 Bf8 16. Qb2 h6 17. b4 Nd5 18. Bd2 f5 19. Nc5 Nxc5 20. bxc5 e4 21. Ne1 Bg7
22. Qc2 exd3 23. Nxd3 Kh7 24. Rfe1 Qd7 25. h4 Rd8 26. Rcd1 Bd4 27. Qa4 Bf6 28.
Ba5 b6 29. cxb6 axb6 30. Bxd5 Bxd5 31. Bxb6 Re8 32. Be3 Re4 33. Qa5 Qe7 34. Bc5
Qe6 35. f3 Rxe2 36. Nf4 Rxe1+ 37. Rxe1 Qd7 38. Rd1 Qb7 39. Nxd5 cxd5 40. Bf2 d4
41. Kg2 Rd7 42. h5 Rd5 43. hxg6+ Kxg6 44. Qa4 Qe7 45. Qc4 Qe5 46. Rd3 h5 47. a4
Rd8 48. Rb3 Qd6 49. Rb7 Rd7 50. Qg8+ Rg7 51. Qe8+ Kh6 52. Rb5 Qd7 53. Qxd7 Rxd7
54. Kf1 d3 55. Be3+ Bg5 56. Rb6+ Kg7 57. Bxg5 d2 58. Bxd2 Rxd2 59. a5 Ra2 60.
a6 f4 61. gxf4 h4 62. Kg1 h3 63. f5 Ra5 64. f6+ Kf7 65. Kh2 Ra3 66. Kxh3 Rxf3+
67. Kg4 Rf1 68. Kg5 Rg1+ 69. Kf5 Rf1+ 70. Ke5 Re1+ 71. Kd5 Rd1+ 72. Kc6 Kxf6
73. Kb7+ Ke7 74. a7 Rd7+ 75. Ka6 1-0

[Event "21ème open inter de La Réunion"]
[Site "Salle des fêtes de Bellepierre"]
[Date "2019.10.20"]
[Round "9.6"]
[White "Roblet, Charles"]
[Black "De Peindray D'Ambell, Philippe"]
[Result "0-1"]
[WhiteElo "2063"]
[BlackElo "1724"]
[PlyCount "56"]
[EventDate "2019.??.??"]

1. e4 c5 2. d4 cxd4 3. c3 g6 4. cxd4 d5 5. e5 Bg7 6. Nc3 Nc6 7. Be3 f6 8. f4
Be6 9. Nf3 Nh6 10. Qd2 O-O 11. Be2 Bg4 12. h3 Bxf3 13. Bxf3 e6 14. exf6 Bxf6
15. g4 Nf7 16. O-O-O Nd6 17. b3 Rc8 18. Kb1 Qa5 19. Rc1 Qb4 20. Rhd1 Nc4 21.
Qd3 Nxe3 22. Qxe3 Nxd4 23. Bxd5 Rxc3 24. Rxc3 exd5 25. Rdc1 Nb5 26. Qe6+ Kh8
27. a3 Nxc3+ 28. Kb2 Qxf4 0-1

[Event "21ème open inter de La Réunion"]
[Site "Salle des fêtes de Bellepierre"]
[Date "2019.10.20"]
[Round "9.7"]
[White "Triton, Maxime"]
[Black "Quere, Alexandre"]
[Result "0-1"]
[WhiteElo "1835"]
[BlackElo "2042"]
[PlyCount "50"]
[EventDate "2019.??.??"]

1. e4 c5 2. Nf3 Nc6 3. Bb5 g6 4. Bxc6 dxc6 5. d3 Bg7 6. h3 Nf6 7. Be3 Nxe4 8.
c3 Nd6 9. Bxc5 O-O 10. O-O b6 11. Bd4 f6 12. a4 e5 13. Be3 Nf5 14. a5 Nxe3 15.
fxe3 Ba6 16. Qb3+ Kh8 17. c4 b5 18. Na3 Rb8 19. cxb5 cxb5 20. Nc2 b4 21. Rfd1
Bh6 22. Kf2 Qe7 23. Ra4 Rfc8 24. Rd2 e4 25. dxe4 Bc4 0-1

[Event "21ème open inter de La Réunion"]
[Site "Salle des fêtes de Bellepierre"]
[Date "2019.10.20"]
[Round "9.8"]
[White "Evrin, Selvam"]
[Black "Goorsahye, Antoine"]
[Result "1-0"]
[WhiteElo "1788"]
[BlackElo "1786"]
[PlyCount "115"]
[EventDate "2019.??.??"]

1. e4 e5 2. Nf3 Nc6 3. Bc4 Bc5 4. O-O Nf6 5. Re1 d6 6. c3 O-O 7. a4 a5 8. d3 h6
9. Nbd2 Be6 10. Bxe6 fxe6 11. Nb3 Bb6 12. d4 exd4 13. Nbxd4 e5 14. Ne6 Qe7 15.
Nxf8 Rxf8 16. Be3 Bxe3 17. Rxe3 Qe6 18. Nh4 Kh7 19. Nf5 g6 20. Ng3 Ne7 21. b4
axb4 22. cxb4 h5 23. Qc2 h4 24. Nf1 c6 25. b5 cxb5 26. axb5 Rc8 27. Qe2 g5 28.
Ra7 Qd7 29. h3 Ng6 30. f3 Nf4 31. Qb2 Rc5 32. Rb3 Qc7 33. Ne3 Rc1+ 34. Kh2 Rc5
35. Qd2 d5 36. exd5 N6xd5 37. Rd3 Nxd3 38. Qxd3+ Kh6 39. Nxd5 Qb8 40. Nf4 gxf4
41. Rxb7 Qxb7 42. Qd6+ Kh5 43. Qxc5 Qg7 44. Qc3 Kg5 45. b6 Kf5 46. Qc8+ Kf6 47.
Qc6+ Kf5 48. Qe4+ Ke6 49. b7 Qc7 50. Qb4 Qb8 51. Qb6+ Kd7 52. Kg1 Ke8 53. Kf2
Kd7 54. Ke2 e4 55. Qd4+ Kc7 56. Qxe4 Qxb7 57. Qxb7+ Kxb7 58. Kd3 1-0

[Event "21ème open inter de La Réunion"]
[Site "Salle des fêtes de Bellepierre"]
[Date "2019.10.20"]
[Round "9.9"]
[White "Lorans, Sylvain"]
[Black "Frelicot, Eric"]
[Result "1-0"]
[WhiteElo "2116"]
[BlackElo "1609"]
[PlyCount "79"]
[EventDate "2019.??.??"]

1. d4 Nf6 2. c4 g6 3. Nc3 Bg7 4. e4 d6 5. Nge2 O-O 6. Ng3 e5 7. d5 Na6 8. Be2
Bd7 9. h4 Nc5 10. b4 Na6 11. Rb1 Nb8 12. h5 Qc8 13. Bg5 c6 14. Qd2 Bg4 15. f3
Bxh5 16. Nf1 cxd5 17. Bxf6 Bxf6 18. Nxd5 Qe6 19. Nc7 Qe7 20. Nxa8 Nc6 21. Nc7
Bg5 22. Qd3 Qxc7 23. g4 Bxg4 24. fxg4 Nd4 25. Nd2 b5 26. Rc1 bxc4 27. Rxc4 Qb8
28. Nf3 Nxf3+ 29. Bxf3 a5 30. a3 Qb5 31. O-O axb4 32. axb4 Be3+ 33. Kg2 Bf4 34.
Ra1 h5 35. gxh5 gxh5 36. Rh1 Qa6 37. Rh4 Qa2+ 38. Rc2 Qb1 39. Qd1 Qxb4 40. Kh1
1-0

[Event "21ème open inter de La Réunion"]
[Site "Salle des fêtes de Bellepierre"]
[Date "2019.10.20"]
[Round "9.10"]
[White "Torregrosa, Antoine"]
[Black "Larmet, Nino"]
[Result "1/2-1/2"]
[WhiteElo "1501"]
[BlackElo "1738"]
[PlyCount "53"]
[EventDate "2019.??.??"]

1. f4 d5 2. Nf3 Nf6 3. e3 e6 4. c4 c5 5. Be2 Nc6 6. O-O Bd6 7. d4 O-O 8. Nc3
dxc4 9. Ne5 cxd4 10. Nxc6 bxc6 11. Qxd4 Qe7 12. Qxc4 Bb7 13. Ne4 Nxe4 14. Qxe4
e5 15. f5 f6 16. Bd2 Rad8 17. Ba5 Bc7 18. Qc4+ Kh8 19. Bb4 Bd6 20. Bxd6 Qxd6
21. Rad1 Qc7 22. Bf3 Qb6 23. Qc3 Rfe8 24. Bh5 Rf8 25. Bf3 Rfe8 26. Bh5 Rf8 27.
Bf3 1/2-1/2